[Event "Capablanca Memorial-D"]
[Site "Cuba"]
[Date "1993.??.??"]
[Round "8"]
[White "Estevez Morales, Guillermo"]
[Black "Hernandez Estevez, Yudania"]
[Result "1-0"]
[WhiteElo "2340"]
[BlackElo "2095"]
[PlyCount "121"]
[EventDate "1993.??.??"]
[EventType "tourn"]
[EventRounds "13"]
[EventCountry "CUB"]
[EventCategory "2"]
[SourceTitle "EXT 1997"]
[Source "ChessBase"]
[SourceDate "1996.11.15"]
[SourceVersion "1"]
[SourceVersionDate "1996.11.15"]
[SourceQuality "1"]

1. e4 e5 2. Nf3 Nf6 3. Nxe5 d6 4. Nf3 Nxe4 5. Nc3 Nxc3 6. dxc3 Be7 7. Be3 Nc6 8. Qd2 0-0 9. 0-0-0 Ne5 10. Nd4 Bd7 11. f4 Ng4 12. Bd3 Nxe3 13. Qxe3 Re8 14. Qe4 g6 15. Qxb7 Rb8 16. Qf3 Bf6 17. Bc4 Qc8 18. Rhe1 Rf8 19. h3 c6 20. Nb3 Qc7 21. Bf1 a5 22. a4 Be6 23. Nd4 Bd7 24. g4 Qb6 25. Nb3 Be6 26. Rxd6 Bxb3 27. Rxc6 Qb7 28. cxb3 Qxb3 29. Bb5 Bh4 30. Rd1 Rfd8 31. Rcd6 Rxd6 32. Rxd6 Qa2 33. Qd5 Qa1+ 34. Kc2 Qe1 35. Rd7 Rf8 36. Bc4 Qf2+ 37. Qd2 Qf3 38. Rd3 Qe4 39. Kb3 Bf6 40. Qe3 Qc6 41. Bb5 Qc7 42. g5 Bg7 43. Rd7 Qb8 44. Qe4 Qb6 45. f5 gxf5 46. Qxf5 Qe3 47. Ka2 Qe6+ 48. Qxe6 fxe6 49. Bc4 Re8 50. Ra7 Be5 51. Rxa5 Bf4 52. h4 Re7 53. Rf5 Bg3 54. h5 Bh4 55. Rf6 Bxg5 56. Rxe6 Kf8 57. Rxe7 Kxe7 58. b4 Kd6 59. Kb3 h6 60. a5 Kc6 61. Be2 1-0

[Event "Capablanca Memorial-D"]
[Site "Cuba"]
[Date "1993.??.??"]
[Round "4"]
[White "Estevez Morales, Guillermo"]
[Black "Leitao, Rafael Duailibe"]
[Result "1/2-1/2"]
[WhiteElo "2340"]
[BlackElo "2360"]
[PlyCount "46"]
[EventDate "1993.??.??"]
[EventType "tourn"]
[EventRounds "13"]
[EventCountry "CUB"]
[EventCategory "2"]
[SourceTitle "EXT 1997"]
[Source "ChessBase"]
[SourceDate "1996.11.15"]
[SourceVersion "1"]
[SourceVersionDate "1996.11.15"]
[SourceQuality "1"]

1. d4 Nf6 2. Nf3 g6 3. g3 Bg7 4. Bg2 0-0 5. 0-0 d6 6. Nc3 c5 7. e4 cxd4 8. Nxd4 Nc6 9. Nxc6 bxc6 10. e5 Ne8 11. exd6 Nxd6 12. Ne4 Rb8 13. Bf4 Rxb2 14. Nxd6 exd6 15. Bxd6 Re8 16. c4 Ree2 17. Bf4 Rbd2 18. Bxd2 Rxd2 19. Qc1 Bxa1 20. Qxa1 Be6 21. Bxc6 Bxc4 22. Re1 Qd4 23. Qxd4 Rxd4 1/2-1/2

[Event "Capablanca Memorial-D"]
[Site "Cuba"]
[Date "1993.??.??"]
[Round "7"]
[White "Garmendez Gonzalez, Florentino"]
[Black "Estevez Morales, Guillermo"]
[Result "0-1"]
[WhiteElo "2310"]
[BlackElo "2340"]
[PlyCount "76"]
[EventDate "1993.??.??"]
[EventType "tourn"]
[EventRounds "13"]
[EventCountry "CUB"]
[EventCategory "2"]
[SourceTitle "EXT 1997"]
[Source "ChessBase"]
[SourceDate "1996.11.15"]
[SourceVersion "1"]
[SourceVersionDate "1996.11.15"]
[SourceQuality "1"]

1. e4 c5 2. Nc3 Nc6 3. f4 g6 4. Nf3 Bg7 5. Bc4 e6 6. 0-0 Nge7 7. e5 d5 8. exd6 Nf5 9. Ne4 Nxd6 10. Nxd6+ Qxd6 11. Qe2 0-0 12. Ng5 b5 13. Bd3 Nd4 14. Qe1 Bb7 15. c3 Nf3+ 16. Nxf3 Qxd3 17. Qf2 c4 18. b3 Bxf3 19. Qxf3 Qxf3 20. Rxf3 Rac8 21. bxc4 Rxc4 22. Rb1 a6 23. Rb3 Rfc8 24. Kf1 b4 25. Bb2 a5 26. d3 Rxc3 27. Rf2 Rc2 28. Rxc2 Rxc2 29. Bxg7 Kxg7 30. a3 Rc3 31. Rxc3 bxc3 32. Ke2 Kf6 33. Kd1 Kf5 34. Kc2 Kxf4 35. Kxc3 Ke3 36. a4 f5 37. Kc4 f4 38. Kb5 Kf2 0-1

[Event "Capablanca Memorial-D"]
[Site "Cuba"]
[Date "1993.??.??"]
[Round "11"]
[White "Herrera, Irisberto"]
[Black "Estevez Morales, Guillermo"]
[Result "1-0"]
[WhiteElo "2355"]
[BlackElo "2340"]
[PlyCount "75"]
[EventDate "1993.??.??"]
[EventType "tourn"]
[EventRounds "13"]
[EventCountry "CUB"]
[EventCategory "2"]
[SourceTitle "EXT 1997"]
[Source "ChessBase"]
[SourceDate "1996.11.15"]
[SourceVersion "1"]
[SourceVersionDate "1996.11.15"]
[SourceQuality "1"]

1. e4 c5 2. Nf3 g6 3. d4 Bg7 4. dxc5 Qa5+ 5. Bd2 Qxc5 6. Bc3 Nf6 7. Nbd2 Ng4 8. Qe2 Bxc3 9. bxc3 Qxc3 10. Rb1 Nc6 11. h3 Nge5 12. Nxe5 Qxe5 13. Qe3 0-0 14. Bc4 b6 15. h4 e6 16. h5 Nd4 17. Bd3 Bb7 18. Nc4 Qg7 19. Nd6 Rab8 20. Kf1 e5 21. Qh3 Bc6 22. Qh4 g5 23. Qg3 h6 24. c3 Ne6 25. Rd1 Qf6 26. Bc2 b5 27. Nf5 b4 28. Rd6 bxc3 29. Qxc3 Rfc8 30. Qa3 Bb5+ 31. Kg1 Rxc2 32. Rh3 Bc6 33. Rf3 Rb1+ 34. Kh2 Rcc1 35. Rxc6 Rh1+ 36. Kg3 Kh7 37. Ne7 Qf4+ 38. Rxf4 1-0

[Event "Capablanca Memorial-D"]
[Site "Cuba"]
[Date "1993.??.??"]
[Round "3"]
[White "Moran Nuque, Augusto"]
[Black "Estevez Morales, Guillermo"]
[Result "1-0"]
[WhiteElo "2375"]
[BlackElo "2340"]
[PlyCount "101"]
[EventDate "1993.??.??"]
[EventType "tourn"]
[EventRounds "13"]
[EventCountry "CUB"]
[EventCategory "2"]
[SourceTitle "EXT 1997"]
[Source "ChessBase"]
[SourceDate "1996.11.15"]
[SourceVersion "1"]
[SourceVersionDate "1996.11.15"]
[SourceQuality "1"]

1. d4 Nf6 2. c4 e6 3. Nf3 d5 4. Nc3 Bb4 5. Qa4+ Nc6 6. e3 0-0 7. Bd3 dxc4 8. Bxc4 a6 9. Qc2 Bd6 10. a3 e5 11. d5 Ne7 12. e4 Ng6 13. 0-0 h6 14. Re1 Qe7 15. Nd2 Bd7 16. Nf1 Nh7 17. Ng3 Nh4 18. Nf5 Nxf5 19. exf5 Qh4 20. Bd2 e4 21. g3 Qh3 22. Bf1 Qxf5 23. Nxe4 Qxd5 24. Bg2 Qf5 25. Be3 Ng5 26. Bxg5 hxg5 27. Rac1 Rfe8 28. Qd2 Be5 29. Nxg5 Bc6 30. Bxc6 bxc6 31. Rc5 f6 32. Ne4 Rad8 33. Qc2 Qe6 34. Rxc6 Qa2 35. Kg2 Rb8 36. b4 Qxa3 37. Qc4+ Kh7 38. f4 Rxb4 39. Qf7 Rb2+ 40. Kh3 Qe7 41. Qxe7 Rxe7 42. fxe5 Rxe5 43. Rxc7 Kg6 44. Rc6 Rb4 45. Nxf6 Rxe1 46. Nd5+ Kf7 47. Nxb4 a5 48. Nd5 Re5 49. Nc3 Ke7 50. Ra6 Rc5 51. Ne4 1-0

[Event "Capablanca Memorial-D"]
[Site "Cuba"]
[Date "1993.??.??"]
[Round "5"]
[White "Sieiro Gonzalez, Luis"]
[Black "Estevez Morales, Guillermo"]
[Result "1/2-1/2"]
[WhiteElo "2395"]
[BlackElo "2340"]
[PlyCount "28"]
[EventDate "1993.??.??"]
[EventType "tourn"]
[EventRounds "13"]
[EventCountry "CUB"]
[EventCategory "2"]
[SourceTitle "EXT 1997"]
[Source "ChessBase"]
[SourceDate "1996.11.15"]
[SourceVersion "1"]
[SourceVersionDate "1996.11.15"]
[SourceQuality "1"]

1. d4 d5 2. c4 e6 3. Nc3 Nf6 4. Bg5 Nbd7 5. e3 Be7 6. Nf3 0-0 7. Rc1 c6 8. Bd3 dxc4 9. Bxc4 Nd5 10. Bxe7 Qxe7 11. 0-0 N5b6 12. Bb3 e5 13. dxe5 Nxe5 14. Nxe5 Qxe5 1/2-1/2

[Event "Havana op"]
[Site "Havana"]
[Date "1992.??.??"]
[Round "?"]
[White "Estevez Morales, Guillermo"]
[Black "Fuentes, Manuel"]
[Result "1/2-1/2"]
[WhiteElo "2330"]
[BlackElo "2350"]
[PlyCount "55"]
[EventDate "1992.??.??"]
[EventType "swiss"]
[EventRounds "9"]
[EventCountry "CUB"]
[SourceTitle "EXT 2000"]
[Source "ChessBase"]
[SourceDate "1999.11.16"]
[SourceVersion "1"]
[SourceVersionDate "1999.11.16"]
[SourceQuality "1"]

1. e4 c5 2. Nf3 d6 3. d4 cxd4 4. Qxd4 Nc6 5. Bb5 Bd7 6. Bxc6 Bxc6 7. Nc3 Nf6 8. Bg5 Qb6 9. Qd3 e6 10. 0-0 Be7 11. Be3 Qc7 12. Rad1 0-0 13. Bg5 a6 14. Rfe1 Rfd8 15. Nd4 b5 16. Nxc6 Qxc6 17. Ne2 Qc4 18. b3 Qxd3 19. cxd3 Rdc8 20. Rc1 h6 21. Rxc8+ Rxc8 22. Rc1 Rxc1+ 23. Bxc1 d5 24. f3 Bc5+ 25. Kf1 Kf8 26. Bb2 Ke7 27. Ke1 dxe4 28. dxe4 1/2-1/2

[Event "Fuerteventura op"]
[Site "Fuerteventura"]
[Date "1992.??.??"]
[Round "?"]
[White "Estevez Morales, Guillermo"]
[Black "Morella Cabrera, Julio Antonio"]
[Result "0-1"]
[WhiteElo "2330"]
[BlackElo "2230"]
[PlyCount "74"]
[EventDate "1992.??.??"]
[EventType "swiss"]
[EventRounds "11"]
[EventCountry "CUB"]
[SourceTitle "EXT 1999"]
[Source "ChessBase"]
[SourceDate "1998.11.16"]
[SourceVersion "1"]
[SourceVersionDate "1998.11.16"]
[SourceQuality "1"]

1. d4 e6 2. e4 c5 3. Nf3 cxd4 4. Nxd4 Nf6 5. Nc3 Nc6 6. Ndb5 d6 7. a4 a6 8. Na3 Be7 9. Bf4 0-0 10. Be2 e5 11. Be3 Be6 12. 0-0 Rc8 13. Bc4 Qd7 14. Nd5 Bd8 15. Nxf6+ Bxf6 16. c3 Ne7 17. Bd5 Nxd5 18. exd5 Bg4 19. f3 Bh5 20. Qb3 Bd8 21. c4 f5 22. Rac1 f4 23. Bb6 g5 24. c5 Bxb6 25. Qxb6 dxc5 26. Nc4 Qxd5 27. Qh6 Bg6 28. Qxg5 Qd4+ 29. Kh1 e4 30. fxe4 Rce8 31. e5 Kh8 32. Rfd1 Qe4 33. Re1 Qc6 34. Nd6 Re6 35. Qg4 Re7 36. Qg5 Rg7 37. Rf1 Be8 0-1

[Event "Havana op"]
[Site "Havana"]
[Date "1992.??.??"]
[Round "?"]
[White "Estevez Morales, Guillermo"]
[Black "Vera Gonzalez Quevedo, Reynaldo"]
[Result "0-1"]
[WhiteElo "2330"]
[BlackElo "2495"]
[PlyCount "79"]
[EventDate "1992.??.??"]
[EventType "swiss"]
[EventRounds "9"]
[EventCountry "CUB"]
[SourceTitle "EXT 2000"]
[Source "ChessBase"]
[SourceDate "1999.11.16"]
[SourceVersion "1"]
[SourceVersionDate "1999.11.16"]
[SourceQuality "1"]

1. d4 d5 2. Nf3 Nf6 3. e3 g6 4. Bd3 Bg7 5. 0-0 c5 6. c3 0-0 7. Nbd2 Nbd7 8. Re1 b6 9. e4 cxd4 10. Nxd4 Nc5 11. Bc2 dxe4 12. b4 Bg4 13. f3 Nd5 14. Nc6 Qc7 15. Nxe4 Nxe4 16. Qxd5 Nxc3 17. Qc4 Be6 18. Rxe6 fxe6 19. Bg5 Rac8 20. Qxe6+ Kh8 21. Nxe7 Ne2+ 22. Qxe2 Qxc2 23. Re1 Qxe2 24. Rxe2 Bd4+ 25. Kf1 Rc7 26. b5 Rc5 27. Bh6 Bg7 28. Bxg7+ Kxg7 29. a4 Rf4 30. Ra2 Rcc4 31. a5 Ra4 32. Rxa4 Rxa4 33. axb6 axb6 34. Nd5 Rd4 35. Nxb6 Kf6 36. Ke2 Ke6 37. Ke3 Rb4 38. g3 g5 39. Nc8 Rxb5 40. Na7 0-1

[Event "Capablanca Memorial-B"]
[Site "Cienfuegos"]
[Date "1991.??.??"]
[Round "1"]
[White "Estevez Morales, Guillermo"]
[Black "Diaz Diaz, Joaquin Carlos"]
[Result "0-1"]
[WhiteElo "2420"]
[BlackElo "2430"]
[PlyCount "93"]
[EventDate "1991.??.??"]
[EventType "tourn"]
[EventRounds "13"]
[EventCountry "CUB"]
[EventCategory "8"]
[SourceTitle "TD"]
[Source "ChessBase"]
[SourceDate "1994.03.01"]
[SourceVersion "1"]
[SourceVersionDate "1994.03.01"]
[SourceQuality "1"]

1. e4 e6 2. Nf3 d5 3. Nc3 Bb4 4. a3 Bxc3 5. dxc3 dxe4 6. Qxd8+ Kxd8 7. Ng5 Ke7 8. Nxe4 Nd7 9. Bd3 Ngf6 10. 0-0 b6 11. Re1 Bb7 12. Bf4 Nxe4 13. Bxe4 Bxe4 14. Rxe4 Rhc8 15. a4 a5 16. c4 Nc5 17. Re2 Kd7 18. Be5 Rg8 19. Rd1+ Kc6 20. Red2 f6 21. Bg3 Nxa4 22. b3 Nc5 23. f3 e5 24. Bf2 Ne6 25. Kf1 Rad8 26. Rd5 Rge8 27. g3 Rd6 28. Rxd6+ cxd6 29. Rd5 Rd8 30. Ke2 Nc7 31. Rd1 d5 32. cxd5+ Nxd5 33. Be1 Rd7 34. c4 Nb4 35. Rxd7 Kxd7 36. Bf2 Kc6 37. Kd2 Na6 38. Kc3 f5 39. Be3 Nc5 40. Bc1 g6 41. Be3 Ne6 42. Kd3 b5 43. cxb5+ Kxb5 44. Kc3 a4 45. Bd2 e4 46. h3 f4 47. g4 0-1

[Event "Santa Clara"]
[Site "Santa Clara"]
[Date "1991.??.??"]
[Round "13"]
[White "Estevez Morales, Guillermo"]
[Black "Diaz Diaz, Joaquin Carlos"]
[Result "0-1"]
[WhiteElo "2350"]
[BlackElo "2430"]
[PlyCount "110"]
[EventDate "1991.02.??"]
[EventType "tourn"]
[EventRounds "13"]
[EventCountry "CUB"]
[EventCategory "9"]
[SourceTitle "CBM 026"]
[Source "ChessBase"]
[SourceDate "1992.02.01"]
[SourceVersion "1"]
[SourceVersionDate "1992.02.01"]
[SourceQuality "1"]

1. e4 e6 2. Nf3 d5 3. Nc3 Bb4 4. a3 Bxc3 5. dxc3 dxe4 6. Qxd8+ Kxd8 7. Ng5 Ke7 8. Nxe4 Nf6 9. Nxf6 gxf6 10. g3 Bd7 11. Bg2 Bc6 12. Bxc6 Nxc6 13. b3 h5 14. h4 Rhg8 15. Be3 e5 16. 0-0-0 Ke6 17. Rd3 Ne7 18. Re1 Nf5 19. c4 Rg4 20. c5 Re4 21. Kd2 Nxe3 22. Rexe3 f5 23. Ke2 Rg8 24. c6 bxc6 25. Rc3 Rxe3+ 26. Kxe3 Kd6 27. Rd3+ Ke7 28. Rc3 Kd7 29. Rc5 f6 30. Ra5 Rg4 31. Rxa7 f4+ 32. gxf4 Rxf4 33. Ra4 Rxa4 34. bxa4 f5 35. Kd3 c5 36. Kc4 Kc6 37. f3 e4 38. fxe4 fxe4 39. Kc3 Kb6 40. Kd2 Ka5 41. Ke3 Kxa4 42. Kxe4 Kxa3 43. Kf5 c4 44. Kg5 c3 45. Kxh5 Kb2 46. Kg4 Kxc2 47. h5 Kb3 48. h6 c2 49. h7 c1Q 50. h8Q Qc4+ 51. Kf5 c5 52. Qb8+ Kc3 53. Qe5+ Qd4 54. Qe1+ Kc2 55. Qe2+ Kb3 0-1

[Event "Santa Clara"]
[Site "Santa Clara"]
[Date "1991.??.??"]
[Round "4"]
[White "Estevez Morales, Guillermo"]
[Black "Garcia Martinez, Silvino"]
[Result "1/2-1/2"]
[WhiteElo "2350"]
[BlackElo "2425"]
[PlyCount "86"]
[EventDate "1991.02.??"]
[EventType "tourn"]
[EventRounds "13"]
[EventCountry "CUB"]
[EventCategory "9"]
[SourceTitle "CBM 026"]
[Source "ChessBase"]
[SourceDate "1992.02.01"]
[SourceVersion "1"]
[SourceVersionDate "1992.02.01"]
[SourceQuality "1"]

1. d4 d5 2. Nf3 e6 3. Bg5 Be7 4. Bxe7 Qxe7 5. c4 Nf6 6. Nbd2 0-0 7. e3 c5 8. cxd5 exd5 9. dxc5 Qxc5 10. Be2 Nc6 11. 0-0 Re8 12. Nb3 Qb6 13. Nfd4 Ne5 14. Rc1 Bd7 15. Nc5 Qxb2 16. Nxd7 Nexd7 17. Bb5 Red8 18. Qa4 Nb6 19. Qa5 Nc4 20. Bxc4 dxc4 21. Rxc4 b6 22. Qa4 Ne4 23. Rc2 Nc5 24. Qc6 Qa3 25. Rfc1 Qd3 26. h3 Qg6 27. Qf3 Rac8 28. Nb3 h6 29. Rc4 Qe6 30. Nd4 Qd5 31. Qxd5 Rxd5 32. a4 Rcd8 33. R1c2 g6 34. Kf1 R8d7 35. Ke2 Nb7 36. Nb5 Nd6 37. Rb4 Nxb5 38. axb5 h5 39. h4 Kg7 40. g3 Rd1 41. Rbb2 Ra1 42. Ra2 Rxa2 43. Rxa2 Rd5 1/2-1/2

[Event "Capablanca Memorial-B 24th"]
[Site "Holguin"]
[Date "1989.05.30"]
[Round "8"]
[White "Estevez Morales, Guillermo"]
[Black "Hernandez Onna, Roman"]
[Result "1/2-1/2"]
[WhiteElo "2405"]
[BlackElo "2435"]
[PlyCount "61"]
[EventDate "1989.05.22"]
[EventType "tourn"]
[EventRounds "13"]
[EventCountry "CUB"]
[EventCategory "7"]
[SourceTitle "EXT 2012"]
[Source "ChessBase"]
[SourceDate "2011.11.24"]
[SourceVersion "1"]
[SourceVersionDate "2011.11.24"]
[SourceQuality "1"]

1. e4 c5 2. Nf3 Nc6 3. d4 cxd4 4. Nxd4 g6 5. Nc3 Bg7 6. Be3 Nf6 7. Bc4 0-0 8. Bb3 a5 9. f3 d5 10. Bxd5 Nxd5 11. Nxd5 f5 12. Nxc6 bxc6 13. Nb6 Rb8 14. Qxd8 Rxd8 15. Rd1 Rxd1+ 16. Kxd1 Bxb2 17. Nxc8 Rxc8 18. exf5 gxf5 19. Ke2 Be5 20. Rb1 Kf7 21. Rb6 Bxh2 22. Ra6 Bd6 23. Rxa5 Ke6 24. a4 Rg8 25. Kf1 Rb8 26. Ra6 Kd5 27. Bb6 c5 28. a5 Rg8 29. Ra7 Kc6 30. Ra6 Kb7 31. Ra7+ 1/2-1/2

[Event "Capablanca Memorial-B 24th"]
[Site "Holguin"]
[Date "1989.05.23"]
[Round "2"]
[White "Gomez Segura, Adalberto"]
[Black "Estevez Morales, Guillermo"]
[Result "1-0"]
[WhiteElo "2385"]
[BlackElo "2405"]
[PlyCount "69"]
[EventDate "1989.05.22"]
[EventType "tourn"]
[EventRounds "13"]
[EventCountry "CUB"]
[EventCategory "7"]
[SourceTitle "EXT 2012"]
[Source "ChessBase"]
[SourceDate "2011.11.24"]
[SourceVersion "1"]
[SourceVersionDate "2011.11.24"]
[SourceQuality "1"]

1. d4 Nf6 2. c4 e6 3. Nf3 Bb4+ 4. Bd2 a5 5. Nc3 b6 6. Qc2 Bb7 7. e3 d6 8. Bd3 Nbd7 9. e4 e5 10. 0-0 0-0 11. dxe5 dxe5 12. Rad1 Nc5 13. Bg5 Bxc3 14. Qxc3 Qd6 15. Qxe5 Qxe5 16. Nxe5 Nfxe4 17. Bxe4 Nxe4 18. Bf4 g5 19. Be3 f6 20. Nd7 Rf7 21. f3 Nd6 22. Nxb6 Re8 23. Bc5 cxb6 24. Bxd6 Rc8 25. Rd4 Bc6 26. Rfd1 a4 27. Kf2 Rb7 28. Bb4 Kg7 29. Rd6 Rf7 30. Bc3 b5 31. cxb5 Bxb5 32. R1d5 Bc4 33. Rxg5+ Kf8 34. Ra5 Re8 35. Rxf6 1-0

[Event "CUB-ch"]
[Site "St Spiritus"]
[Date "1989.??.??"]
[Round "1"]
[White "Estevez Morales, Guillermo"]
[Black "Ibanez Milian, Dagoberto"]
[Result "1/2-1/2"]
[WhiteElo "2405"]
[BlackElo "2225"]
[PlyCount "190"]
[EventDate "1989.??.??"]
[EventType "swiss"]
[EventRounds "11"]
[EventCountry "CUB"]
[SourceTitle "EXT 1997"]
[Source "ChessBase"]
[SourceDate "1996.11.15"]
[SourceVersion "1"]
[SourceVersionDate "1996.11.15"]
[SourceQuality "1"]

1. d4 Nf6 2. Nf3 g6 3. c4 Bg7 4. Nc3 0-0 5. e4 d6 6. Be2 e5 7. 0-0 Nc6 8. d5 Ne7 9. b4 h6 10. Nd2 Ne8 11. c5 f5 12. f3 f4 13. Nc4 g5 14. a4 Rf6 15. Ba3 Rg6 16. b5 h5 17. h3 g4 18. fxg4 hxg4 19. hxg4 b6 20. cxd6 cxd6 21. Bb4 Bd7 22. a5 Rc8 23. axb6 axb6 24. Ra7 Rc7 25. Rxc7 Qxc7 26. Qd3 Nc8 27. Ra1 Qd8 28. Ra8 Rh6 29. Nd2 Qh4 30. Nf1 Qh1+ 31. Kf2 Nf6 32. Bf3 Nxg4+ 33. Ke1 Qh4+ 34. Kd2 Qf2+ 35. Qe2 Qd4+ 36. Kc2 Rg6 37. Kb3 Kh7 38. Nd2 Nf2 39. Nc4 Nd3 40. Qd2 Rh6 41. Ba3 Rh1 42. Rb8 Nc5+ 43. Bxc5 Qxc5 44. Qe2 Na7 45. Na3 Nxb5 46. Ncxb5 Bxb5 47. Qc2 Qe3+ 48. Qc3 Bd3 49. Rc8 b5 50. Rc7 Bc4+ 51. Kb2 Qg1 52. Rxc4 bxc4 53. Qxc4 Qa1+ 54. Kb3 Rc1 55. Qb4 Qd4 56. Qa5 Rc5 57. Qe1 Qe3+ 58. Qxe3 fxe3 59. Nc4 Bf8 60. Nxe3 Kg6 61. Nc4 Kg5 62. g3 Be7 63. Kc3 Rc7 64. Kd3 Rb7 65. Ne3 Rb3+ 66. Ke2 Bd8 67. Nf5 Bc7 68. Kf2 Rb2+ 69. Kf1 Ra2 70. Be2 Ra4 71. Bf3 Rc4 72. Kg2 Rc3 73. Be2 Bb8 74. Bf3 Rc8 75. Be2 Rd8 76. Kf3 Ba7 77. Kg2 Bc5 78. Kf3 Ra8 79. Kg2 Ra1 80. Kf3 Rg1 81. Nh4 Bb4 82. Kf2 Bc5+ 83. Kf3 Rh1 84. Kg2 Rg1+ 85. Kf3 Ra1 86. Nf5 Ra3+ 87. Kg2 Rc3 88. Bf3 Rc2+ 89. Kh3 Rf2 90. Nh4 Bb4 91. Bg2 Rf8 92. Nf3+ Kf6 93. Nh4 Rg8 94. Bf3 Kg5 95. Nf5 Ra8 1/2-1/2

[Event "CUB-ch"]
[Site "St Spiritus"]
[Date "1989.??.??"]
[Round "2"]
[White "Rodriguez Cespedes, Amador"]
[Black "Estevez Morales, Guillermo"]
[Result "1/2-1/2"]
[WhiteElo "2515"]
[BlackElo "2405"]
[PlyCount "60"]
[EventDate "1989.??.??"]
[EventType "swiss"]
[EventRounds "11"]
[EventCountry "CUB"]
[SourceTitle "EXT 1997"]
[Source "ChessBase"]
[SourceDate "1996.11.15"]
[SourceVersion "1"]
[SourceVersionDate "1996.11.15"]
[SourceQuality "1"]

1. e4 c5 2. Nf3 d6 3. d4 cxd4 4. Nxd4 Nf6 5. Nc3 Nbd7 6. Be3 a6 7. a4 b6 8. f3 e6 9. Bc4 Bb7 10. 0-0 Ne5 11. Ba2 d5 12. exd5 Nxd5 13. Nxd5 Bxd5 14. Bxd5 Qxd5 15. Nb3 Qxd1 16. Raxd1 Nc4 17. Bd4 0-0-0 18. Rd3 e5 19. Rc3 b5 20. Bc5 Kb7 21. Ra1 Rd5 22. Bxf8 Rxf8 23. axb5 axb5 24. Na5+ Nxa5 25. Rxa5 Kb6 26. Ra1 Rfd8 27. Re1 Rd1 28. Kf1 R8d2 29. Rxd1 Rxd1+ 30. Ke2 Rg1 1/2-1/2

[Event "Sagua la Grande"]
[Site "Sagua la Grande"]
[Date "1988.??.??"]
[Round "?"]
[White "Boudy Bueno, Julio Leonardo"]
[Black "Estevez Morales, Guillermo"]
[Result "1-0"]
[WhiteElo "2385"]
[BlackElo "2315"]
[PlyCount "111"]
[EventDate "1988.??.??"]
[EventType "tourn"]
[EventRounds "11"]
[EventCountry "CUB"]
[SourceTitle "EXT 2002"]
[Source "ChessBase"]
[SourceDate "2001.11.25"]
[SourceVersion "1"]
[SourceVersionDate "2001.11.25"]
[SourceQuality "1"]

1. e4 c5 2. Nf3 d6 3. d4 cxd4 4. Nxd4 Nf6 5. Nc3 Nc6 6. Bg5 Bd7 7. Qd2 Rc8 8. 0-0-0 Nxd4 9. Qxd4 Qa5 10. Bd2 e5 11. Qd3 a6 12. Kb1 Be6 13. Nd5 Qd8 14. Nxf6+ Qxf6 15. Qg3 Qg6 16. Qxg6 hxg6 17. Be2 Rh4 18. f3 Be7 19. h3 Kd7 20. b3 f5 21. Be1 Rhh8 22. Bb4 fxe4 23. fxe4 Rh4 24. Bf3 g5 25. Be1 Rh6 26. Bg3 Bf6 27. Bg4 Rc3 28. Bf2 Rh8 29. a4 Rhc8 30. Rd2 Bxg4 31. hxg4 Ke6 32. Rhd1 Be7 33. Kb2 R8c7 34. Re2 Rc8 35. Rh1 Bf6 36. Be1 R3c6 37. c4 b5 38. cxb5 axb5 39. a5 d5 40. exd5+ Kxd5 41. Bb4 e4+ 42. Kb1 Bc3 43. Rd1+ Ke5 44. Bxc3+ Rxc3 45. Kb2 Rg3 46. Rde1 Rxg4 47. Ka3 Ra8 48. Kb4 e3+ 49. Kxb5 Rb8+ 50. Kc6 Rxb3 51. Rxe3+ Rxe3 52. Rxe3+ Kd4 53. Re2 Rg3 54. Ra2 Rc3+ 55. Kd6 Ke4 56. a6 1-0

[Event "CUB-ch"]
[Site "Cuba"]
[Date "1988.??.??"]
[Round "?"]
[White "Estevez Morales, Guillermo"]
[Black "Diaz Diaz, Joaquin Carlos"]
[Result "1-0"]
[WhiteElo "2310"]
[BlackElo "2485"]
[PlyCount "67"]
[EventDate "1988.10.??"]
[EventType "swiss"]
[EventRounds "10"]
[EventCountry "CUB"]
[SourceTitle "TD"]
[Source "ChessBase"]
[SourceDate "1994.03.01"]
[SourceVersion "1"]
[SourceVersionDate "1994.03.01"]
[SourceQuality "1"]

1. d4 d5 2. c4 e6 3. Nc3 Be7 4. Nf3 Nf6 5. cxd5 exd5 6. Bg5 c6 7. Qc2 g6 8. e4 dxe4 9. Bxf6 Bxf6 10. Qxe4+ Qe7 11. Bc4 Bf5 12. Qxe7+ Kxe7 13. 0-0-0 Rd8 14. h3 Nd7 15. Rhe1+ Kf8 16. g4 Nb6 17. Bb3 Bc8 18. Ne4 Kg7 19. Nxf6 Kxf6 20. g5+ Kg7 21. Re7 Nd5 22. Bxd5 Rxd5 23. Re8 b6 24. Ne5 c5 25. Re1 cxd4 26. Nxf7 d3 27. Kd2 Rf5 28. Nd6 Rxf2+ 29. Kc3 Re2 30. R1xe2 dxe2 31. Kd2 Bb7 32. Re7+ Kf8 33. Rxb7 Rd8 34. Rf7+ 1-0

[Event "CUB-ch"]
[Site "Cuba"]
[Date "1988.??.??"]
[Round "?"]
[White "Estevez Morales, Guillermo"]
[Black "Hernandez Onna, Roman"]
[Result "1/2-1/2"]
[WhiteElo "2310"]
[BlackElo "2430"]
[PlyCount "71"]
[EventDate "1988.10.??"]
[EventType "swiss"]
[EventRounds "10"]
[EventCountry "CUB"]
[SourceTitle "TD"]
[Source "ChessBase"]
[SourceDate "1994.03.01"]
[SourceVersion "1"]
[SourceVersionDate "1994.03.01"]
[SourceQuality "1"]

1. e4 c5 2. Nf3 Nc6 3. d4 cxd4 4. Nxd4 g6 5. Nc3 Bg7 6. Be3 Nf6 7. Bc4 0-0 8. Bb3 a5 9. f3 d5 10. Bxd5 Nxd5 11. exd5 Nb4 12. Nde2 e6 13. 0-0 exd5 14. Bd4 Bxd4+ 15. Nxd4 Qb6 16. Na4 Qa7 17. Kh1 Bd7 18. Nc3 a4 19. a3 Nc6 20. Ndb5 Qb6 21. Nxd5 Qxb5 22. Nf6+ Kg7 23. Nxd7 Rfd8 24. Qd6 Qxb2 25. Rad1 Nb8 26. Rb1 Qc3 27. Qc5 Qxc5 28. Nxc5 Rc8 29. Nxb7 Rc3 30. Nd6 Nc6 31. Rb7 Nd8 32. Rd7 Rxa3 33. g4 Re3 34. Rd1 a3 35. Nc4 Re8 36. Nxa3 1/2-1/2

[Event "Sagua la Grande"]
[Site "Sagua la Grande"]
[Date "1988.??.??"]
[Round "?"]
[White "Estevez Morales, Guillermo"]
[Black "Rivera, Alberto"]
[Result "1-0"]
[WhiteElo "2315"]
[BlackElo "2310"]
[PlyCount "71"]
[EventDate "1988.??.??"]
[EventType "tourn"]
[EventRounds "11"]
[EventCountry "CUB"]
[SourceTitle "EXT 2002"]
[Source "ChessBase"]
[SourceDate "2001.11.25"]
[SourceVersion "1"]
[SourceVersionDate "2001.11.25"]
[SourceQuality "1"]

1. e4 e5 2. Nf3 Nc6 3. Nc3 Nf6 4. d4 exd4 5. Nxd4 Bb4 6. Nxc6 bxc6 7. Bd3 0-0 8. 0-0 d5 9. exd5 cxd5 10. Bg5 c6 11. Qf3 Be7 12. h3 Be6 13. Ne2 Nd7 14. Bxe7 Qxe7 15. Rfe1 Nc5 16. Nd4 Qd6 17. Bf5 g6 18. b4 Ne4 19. Bxe4 dxe4 20. Qf6 Qd5 21. c4 Qd7 22. Rxe4 Rad8 23. Rae1 a5 24. a3 axb4 25. axb4 Rb8 26. b5 cxb5 27. cxb5 Qd8 28. Rxe6 fxe6 29. Qxe6+ Kh8 30. Nc6 Qb6 31. Qe5+ Kg8 32. Ne7+ Kf7 33. Nd5 Qd8 34. Nc7 Rb6 35. Ne6 Qf6 36. Qxf6+ 1-0